000 00454nam a2200157Ia 4500
008 210716s2006 xx 000 0 und d
020 _a8120316193
041 _aeng
082 _a004.35 SASM
100 _aSasikumar, M;Shikhare, Dinesh;Prakash, P Ravi.
245 _aIntroduction to parallel processing.
250 _a1
260 _aNew Delhi
_bPrentice Hall of India PVt Ltd
_c2006
300 _aviii,266
650 _aParallel Programming(005.275)
999 _c188247
_d188247